00920nam a2200253 a 450000100100000000500170001000800410002704000250006808200200009310000230011324501570013626000340029330000210032749000290034849000090037765000330038665000360041970000240045570000340047970000370051371000780055083000290062883000090065700001596020250502073819.0100222s1985 dr r 001 0 spa d aDO-SdBNPbspacBNPHU a372. 832bM839l1 aMorel, Apolinar A.10aLecciones de instrucción moral y cívica /cApolinar A. Morel, Andrés B. Perozo ; editor Raymundo Amaro Guzmán ; prólogo Jaime Viñas Román. aSanto Domingo :bONAP,c1985. a103 p. ;c20 cm.1 aEstudios juridícosv341 aONAP 4aEducacion moralxEnseñanza 4aEducación cívicaxEnsenanza1 aPerozo, Andrés B.1 aAmaro Guzmán, Raymundoeed.1 aViñas Román, Jaime,epról.1 aRepública Dominicana.bOficina Nacional de Administración y Personal  0aEstudios juridícosn34 aONAP